000 00421cam a2200157ua 4500
041 _aeng
_h
082 _a658.31244
_bLAI/TE
100 _aLaird, Donald A .
245 _aTechniques of handling people /
_cDonald A Laird.
_hTextual Documents
250 _a1 /
_b.
260 _aNew York :
_bMcGraw Hill Book Company ,
_c1954.
300 _a189 ; .
700 1 _aLaird, Eleanorc .
942 _cBK
999 _c3481
_d3481